Výber vhodných podmienok extrakcie a separácie vysokoúčinnou kvapalinovou chromatografiou pre stanovenie vybraného vitamínu v potravinových výrobkoch

Saved in:
Bibliographic Details
Main Author: Turčan, Oleg (Author)
Other Authors: Hroboňová, Katarína (Thesis advisor)
Format: Manuscript Book
Language:Slovak
Published: 2025
Subjects:
Online Access:http://is.stuba.sk/zp/portal_zp.pl?podrobnosti=183368
Tags: Add Tag
No Tags, Be the first to tag this record!

MARC

LEADER 00000ntm a22000003a 4500
001 stuzp105306
003 SK-STU
005 20250607211421.0
007 ta
008 150427s2015----xo-----f-mn---000-0-slo-d
040 |a STU  |b slo 
041 0 |a slo 
100 1 |a Turčan, Oleg  |u 041000  |4 aut  |U FCHPT Fakulta chemickej a potravinárskej technológie  |T FCHPT Ústav analytickej chémie  |X 112023  |U C1000  |Y 99  |7 112023 
242 0 1 |a Selection of Suitable Extraction and Separation Conditions by High-Performance Liquid Chromatography for the Determination of a Selected Vitamin in Food Products  |y eng 
245 1 0 |a Výber vhodných podmienok extrakcie a separácie vysokoúčinnou kvapalinovou chromatografiou pre stanovenie vybraného vitamínu v potravinových výrobkoch 
260 |c 2025 
650 4 |a pantothenic acid  |2 eng 
650 4 |a royal jelly  |2 eng 
650 4 |a HPLC-IEX-DAD  |2 eng 
650 4 |a MIP-SPE  |2 eng 
650 4 |a HPLC-IEX-DAD  |2 slo 
650 4 |a materská kašička  |2 slo 
650 4 |a MIP-SPE  |2 slo 
650 4 |a kyselina pantoténová  |2 slo 
700 1 |a Hroboňová, Katarína  |u 041000  |k Z1  |4 ths  |U FCHPT Fakulta chemickej a potravinárskej technológie  |T FCHPT Ústav analytickej chémie  |X 3931  |U C1000  |Y 99  |7 A000003931 
856 4 |u http://is.stuba.sk/zp/portal_zp.pl?podrobnosti=183368